Optimálne riadenie spotreby paliva osobného vozidla s automatickou prevodovkou

Salvato in:
Dettagli Bibliografici
Autore principale: Fintor, Ján (Autore)
Altri autori: Cigánek, Ján (Relatore della tesi)
Natura: Manoscritto Libro
Lingua:slovacco
Pubblicazione: 2018
Soggetti:
Accesso online:http://is.stuba.sk/zp/portal_zp.pl?podrobnosti=124156
Tags: Aggiungi Tag
Nessun Tag, puoi essere il primo ad aggiungerne!!

MARC

LEADER 00000ntm a22000003a 4500
001 stuzp66488
003 SK-STU
005 20181115132934.6
007 ta
008 150427s2015----xo-----f-mn---000-0-slo-d
040 |a STU  |b slo 
041 0 |a slo 
044 |a xo 
100 1 |a Fintor, Ján  |u 030400  |4 aut  |U FEI Fakulta elektrotechniky a informatiky  |T FEI Ústav automobilovej mechatroniky  |X 74965  |U E400  |Y 642  |7 74965 
242 0 1 |a Optimal fuel consumption control of a passenger car with an automatic gearbox  |y eng 
245 1 0 |a Optimálne riadenie spotreby paliva osobného vozidla s automatickou prevodovkou 
260 |c 2018 
300 |a 46 s.,  |b CD-ROM 
650 4 |a gear ratios  |2 eng 
650 4 |a velocity  |2 eng 
650 4 |a combustion engine  |2 eng 
650 4 |a fuel consumption  |2 eng 
650 4 |a automatic gearbox  |2 eng 
650 4 |a spotreba paliva  |2 slo 
650 4 |a automatická prevodovka  |2 slo 
650 4 |a rýchlosť  |2 slo 
650 4 |a prevodové stupne  |2 slo 
650 4 |a spalovací motor  |2 slo 
700 1 |a Cigánek, Ján  |u 030400  |k Z1  |4 ths  |U FEI Fakulta elektrotechniky a informatiky  |T FEI Ústav automobilovej mechatroniky  |X 10327  |U E400  |Y 642  |7 10327 
856 4 |u http://is.stuba.sk/zp/portal_zp.pl?podrobnosti=124156 
996 |b 284ER02699  |c E*Bc- 2699  |l EE30  |s P  |a 0  |w stuzp66488_0001